Normal view
MARC view
Entry Personal Name
001 - CONTROL NUMBER
- control field: 83887
003 - CONTROL NUMBER IDENTIFIER
- control field: OSt
005 - DATE AND TIME OF LATEST TRANSACTION
- control field: 20260331173916.0
008 - FIXED-LENGTH DATA ELEMENTS
- fixed length control field: 260331|| aca||aabn | a|a d
040 ## - CATALOGING SOURCE
- Original cataloging agency: OSt
- Transcribing agency: OSt
100 ## - HEADING--PERSONAL NAME
- Personal name: सुब्रह्मण्यम शंकर
670 ## - SOURCE DATA FOUND
- Source citation: Work cat.: (OSt)68891: सुब्रह्मण्यम शंकर, परिवर्तनशील विश्व में भारत की रणनीति , 2023









